Index to: The Journal of Industrial Engineering Vol. 1. 1949 through Vol. 18. 1967 and Annual Conference Proceedings Vol. 5. 1954 through Vol. 18. 1967
Gespeichert in:
| Format: | Buch |
|---|---|
| Sprache: | Englisch |
| Veröffentlicht: |
New York
American Institute of Industrial Engineers
1968
|
| Ausgabe: | 1. ed. |
| Tags: |
Keine Tags, Fügen Sie das erste Tag hinzu!
|
MARC
| LEADER | 00000nam a2200000 4500 | ||
|---|---|---|---|
| 001 | c002088 | ||
| 005 | 20221220101926.4 | ||
| 041 | 0 | |a eng | |
| 044 | |a US | ||
| 245 | 1 | 0 | |a Index to: The Journal of Industrial Engineering Vol. 1. 1949 through Vol. 18. 1967 and Annual Conference Proceedings Vol. 5. 1954 through Vol. 18. 1967 |
| 250 | |a 1. ed. | ||
| 264 | 1 | |a New York |b American Institute of Industrial Engineers |c 1968 | |
| 300 | |a Prer. s. | ||